| 000 | 00895nam a22002415i 4500 | ||
|---|---|---|---|
| 001 | 176330 | ||
| 003 | ES-MaACL | ||
| 005 | 20250903231912.0 | ||
| 008 | 110110s1975 sp |||| | spa d | ||
| 020 | _a84-277-0236-1 | ||
| 080 | _a821.134.2.09"19" | ||
| 100 | 1 |
_aJiménez, Juan Ramón, _d1881-1958 _966417 |
|
| 245 | 1 | 0 |
_aCrítica paralela / _cJuan Ramón Jiménez ; estudio, notas y comentarios de texto por Arturo del Villar. |
| 260 |
_aMadrid : _bNarcea, _cD. L. 1975. |
||
| 300 |
_a238 p. ; _c18 cm. |
||
| 490 | 1 |
_aBitácora. Biblioteca del estudiante ; _v45 |
|
| 504 | _aBibliografía: p. 126-136. | ||
| 650 | 0 | 4 |
_aLiteratura española- _yS.XX- _xHistoria y crítica. _9141686 |
| 700 | 1 |
_aVillar, Arturo del, _d1940- _9115066 |
|
| 830 | 0 |
_aBitácora. Biblioteca del estudiante ; _v45 _9181903 |
|
| 852 |
_aES-MaACL _jE-13977 _xOlim P-1892 |
||
| 999 |
_c176330 _d176330 |
||